000 00922nam a2200265Ia 4500
003 OSt
005 20220923224210.0
006 a|||||r|||| 00| 0
007 ta
008 220922b |||||||| |||| 00| 0 hin d
024 _a228,597
037 _cTextual
040 _aARTS
_cARTS
_bhin
041 _2hin
_ahin
082 _aQ14:g(Y:1), 152M8;P2
100 _aद्विवेदी, कपिलदेव
245 0 _aअथर्ववेद का सांस्कृतिक अध्ययन
246 _aAtharvaved kā sāanskṛutik adhyayana
250 _a2दक
260 _aज्ञानपुर
_b विश्वभारती अनुसंधान परिषद्
_c2002
300 _a512पृ.
_ccm.
650 _aधर्म
942 _hQ14:g(Y:1), 152M8;P2
_cTEXL
_2CC
999 _c369946
_d369946